00530nam a2200241Ia 450000500170000000800460001702000140006303700070007704000080008404000080009204000080010004100080010804100080011608400120012408400080013610000260014424500380017024500260020826000110023426000250024526000090027030000090027920260401122241.0008 250103s9999 xx 000 0 eng d a631220267 aTB aEDL beng cEDL 2eng aeng a811 MAC qEDL aMacgowan, Christopher 0aTwentieth-Century American Poetry 0cMacgowan, Christopher aMalden bBlackwell Publishing c2004 a331p